000 00284nam a2200121Ia 4500
005 20251222143231.0
008 251222s9999||||xx |||||||||||||| ||spa||
082 _a850.9/R81/T.I
100 _aRomano, Massinmo
245 0 _aIl Giaco della Funzione.
264 _bTalia
942 _cLIB
999 _c14205
_d14205